00939cam a22002173a 450000100060000000300060000600500170001200800410002904000150007004200070008505000060009210000360009824503750013426000290050950600300053851600200056865300300058865300320061883000290065085600420067931006PGUSA20140828083654.0100118s2010||||xxu|||||s|||||000 | eng d aPGUSAbeng adc 4aZ1 aSaunders, Frederick,d1807-190214aThe Author's Printing and Publishing Assistant :bComprising Explanations of the Process of Printing; Preparation and Calculation of Manuscripts; Choice of Paper, Type, Binding, Illustrations, Publishing, Advertising, &c.; with an Exemplification and Description of the Typographical Marks Used in the Correction of the Pressh[electronic resource] /cFrederick Saunders bProject Gutenberg,c2010 aPublic domain in the USA. aElectronic text aPrinting -- Style manuals aAuthorship -- Style manuals 0aProject Gutenbergv3100640uhttp://www.gutenberg.org/ebooks/31006